Copper Porphyries

Saved in:
Bibliographic Details
Main Author: Sutulov, Alexander (Author)
Format: Book
Language:English
Published: San Francisco Miller Freeman 1975
Edition:2a. ed
Subjects:
Tags: Add Tag
No Tags, Be the first to tag this record!

MARC

LEADER 00000nam a2200000 a 4500
001 UCH2767
003 CL-VaPUC
008 090624e19750400us |||||||||||||||||eng|d
020 |a 0879300280 
082 0 4 |a 552.3  |b SUT  |2 21 
100 0 |a Sutulov, Alexander  |e author  |9 537802 
245 1 0 |a Copper Porphyries 
250 |a 2a. ed 
300 |a 206 p 
942 |c BK 
945 |d 20090624 00:00:00  |a dcastane 
260 |a San Francisco  |b Miller Freeman  |c 1975 
650 7 |a ROCAS PLUTONICAS  |2 CL-VaPUC  |9 357478 
650 7 |a PORFIDOS  |2 CL-VaPUC  |9 537803 
650 7 |a MINERALES DE BAJA LEY  |2 CL-VaPUC  |9 537804 
583 |a last modification  |c 20171122 06:36:16  |k Rodrigo Vera 
999 |c 334466  |d 334464 
952 |0 0  |1 0  |4 0  |6 552_300000000000000_SUT_1975  |7 0  |8 A  |9 423520  |a BIBCUR  |b BIBCUR  |d 2019-11-22  |i 4564553  |o 552.3 SUT 1975  |p 4564553  |r 2025-04-22  |w 2019-11-22  |y BK  |k FIS